|
|
|
|
| LEADER |
00000cam a2200000 i 4500 |
| 001 |
1/50357 |
| 008 |
140701s1996 gr | ||| |||| ||gre|| |
| 020 |
|
|
|a 9602290633
|
| 035 |
|
|
|l 10118148
|
| 040 |
|
|
|a GR-MyUA
|b gre
|e AACR2
|
| 041 |
1 |
|
|a gre
|h fre
|
| 082 |
0 |
|
|a 843
|2 (23)
|
| 100 |
1 |
|
|a Balzac, Honore de,
|d 1799-1850.
|
| 245 |
1 |
3 |
|a Τα μυστικά της πριγκίπισσας του αντινιάν, το μήνυμα /
|c Ονορέ Ντε Μπαλζάκ ; μετάφραση: Κωνσταντίνα Παπαπετροπούλου.
|
| 260 |
|
|
|a Αθήνα :
|b Ερατώ,
|c 1996.
|
| 300 |
|
|
|a 173 σ. ;
|c 21 εκ.
|
| 500 |
|
|
|a Τίτλος πρωτοτύπου: les secrets de la princesse de Cadignan, le message.
|
| 650 |
0 |
0 |
|a French fiction
|y 18th century.
|
| 700 |
1 |
|
|a Παπαπετροπούλου, Κωνσταντίνα,
|e trlf
|
| 852 |
|
|
|a INST
|b LEMNOS
|e 20140701
|h 843 BAL
|p 005600001172
|q 005600001172
|t BK
|y 0
|
| 901 |
|
|
|a BIBL6-2014-2
|
| 909 |
|
|
|a Μ
|b 161397
|
| 922 |
|
|
|a 6ΕΛΗ
|
| 970 |
|
|
|a ΜΟΣΧΟΒΗ
|b ΕΥΑΓΓΕΛΙΑ
|z 2014/07/01
|